00448 2200169 4500001002100000005001500021008004100036020002200077035001900099041000700118082001000125090001600135100002500151245004800176260002900224300002500253INLIS00000000002984820241224132834241224||||||||| | ||| |||| || |  a978-602-1507-35-3 0010-1224029848 aid0 a333.7 a333.7 SOE a0 aSoewarno T. Soekarto00aAGROMARITIM NUSANTARA WAWASAN KEJAYAAN NKRI aMalang.bINTIMEDIAc2017 a224 hlm,15,5 x 23 cm